000 00640nam a2200181 a 4500
005 20231013063549.0
008 991125s1954 mx 000 0 spa u
035 _aUPN01000002415
049 _aLT
050 4 _aLB1583 M6
_bH4.3 1954
100 1 _aHernández Ruiz, Santiago,
_d1901-1988
_928897
245 1 3 _aLa América :
_bgeografía del continente /
_cpor Santiago Hernández Ruiz.
260 _aMéxico :
_bHerrero,
_c1954.
300 _a348 p. :
_bil. (algunas col.)
650 4 _aGeografía
_xEstudio y enseñanza (Elemental)
_92801
651 4 _aAMERICA -
_xDESCRIPCION Y VIAJES -
_xESTUDIO Y ENSEÑANZA (ELEMENTAL)
_92368
905 _aLibro
999 _c2415
_d2415